[Event "4NCL"]
[Site "Birmingham ENG"]
[Date "2001.05.06"]
[Round "10"]
[White "Dunworth,C"]
[Black "Eames,R"]
[Result "1/2-1/2"]
[WhiteElo "2287"]
[BlackElo "2307"]

1.d4 Nf6 2.Bg5 Ne4 3.Bf4 c5 4.f3 Qa5+ 5.c3 Nf6 6.d5 Qb6 7.Bc1 e6 8.e4 exd5
9.exd5 Bd6 10.Bc4 O-O 11.Ne2 Qc7 12.g3 Re8 13.Kf2 b5 14.Bxb5 c4 15.Nd4 Bb7
16.Re1 Rxe1 17.Qxe1 Bxd5 18.Bg5 Nc6 19.Bxf6 gxf6 20.Bxc6 dxc6 21.Nd2 Qb6
22.Rb1 Be5 23.Qe3 Rd8 24.Nc2 c5 25.Qh6 Be6 26.Na3 Rd3 27.Ndxc4 Qd8 28.Re1 Bc7
29.Re3 Rd1 30.Re1 Rxe1 31.Kxe1 Qd3 32.Qxf6 Bxc4 33.Qg5+ Kh8 34.Qf6+ Kg8 35.Qg5+ Kh8
36.Qf6+ Kg8 37.Qg5+ Kh8 38.Qf6+ Kg8 39.Qg5+ Kh8 40.Qf6+ Kg8 41.Qg5+  1/2-1/2

[Event "4NCL"]
[Site "Birmingham ENG"]
[Date "2001.05.06"]
[Round "10"]
[White "Rowson,J"]
[Black "Hadzimanolis,A"]
[Result "1-0"]
[WhiteElo "2505"]
[BlackElo "2291"]

1.d4 Nf6 2.Bg5 Ne4 3.Bf4 c5 4.f3 Qa5+ 5.c3 Nf6 6.d5 d6 7.e4 g6 8.Qd2 Bg7
9.Na3 O-O 10.Nc4 Qd8 11.a4 Nbd7 12.Nh3 b6 13.Nf2 a6 14.Be2 Ne8 15.h4 h5 16.g4 Ndf6
17.Bh6 Bd7 18.Bxg7 Kxg7 19.a5 b5 20.Nb6 Ra7 21.b4 cxb4 22.cxb4 Rc7 23.Qd4 Kh7
24.g5 Ng8 25.Kd2 e5 26.dxe6 fxe6 27.Rac1 e5 28.Qd5 Ne7 29.Qa8 Qxa8 30.Nxa8 Rxc1
31.Rxc1 Bc6 32.Nb6 Ng7 33.Nd3 Ne6 34.Ke3 Nd4 35.Bd1 Ne6 36.Rc2 Kg7 37.Rd2 Nc8
38.Nxc8 Rxc8 39.f4 exf4+ 40.Nxf4 Nxf4 41.Kxf4 Rf8+ 42.Ke3 Re8 43.Rxd6 Bxe4
44.Kd4 Bf5 45.Bf3 Rc8 46.Bd5 Rc2 47.Rxa6 Rh2 48.Ra7+ Kf8 49.a6 Rxh4+ 50.Ke5 Rxb4
51.Rf7+ Ke8 52.a7 Ra4 53.Rh7  1-0

[Event "XXXVI Capablanca Mem Premier II"]
[Site "Havana CUB"]
[Date "2001.05.06"]
[Round "2"]
[White "Bellon Lopez,JM"]
[Black "Almeida,O"]
[Result "1-0"]
[WhiteElo "2429"]
[BlackElo "2426"]

1.d4 Nf6 2.Bg5 Ne4 3.Bh4 c6 4.c3 Qb6 5.Nd2 Nxd2 6.Qxd2 d5 7.f3 Bf5 8.g4 Bg6
9.Nh3 Nd7 10.Bf2 e6 11.Nf4 Bd6 12.Nxg6 hxg6 13.e4 dxe4 14.fxe4 Nf6 15.e5 Ne4
16.Qc2 Nxf2 17.Qxf2 Be7 18.O-O-O Bh4 19.Qf4 Qd8 20.Kb1 Qg5 21.Qf3 O-O 22.Bd3 Rad8
23.Rhf1 Rd7 24.Qe4 Rfd8 25.Bc2 Rc7 26.Bb3 b5 27.a3 a5 28.Rf3 Qe7 29.Rdf1 Qe8
30.g5 Bxg5 31.Qg4 Bh6 32.h4 a4 33.Ba2 Rdd7 34.h5 g5 35.Ka1 c5 36.Bb1 Qa8
37.Be4 Qe8 38.Bd3 Qa8 39.Be4 Qc8 40.Bb1 Qb7 41.Qxe6 Rc8 42.Qf5 cxd4 43.e6 g6
44.exf7+  1-0

[Event "FSIMA May"]
[Site "Budapest HUN"]
[Date "2001.05.11"]
[Round "7"]
[White "Sendur,A"]
[Black "Sinkovics,P"]
[Result "0-1"]
[WhiteElo "2303"]
[BlackElo "2317"]

1.d4 Nf6 2.Bg5 Ne4 3.Bf4 c5 4.f3 Qa5+ 5.c3 Nf6 6.Nd2 cxd4 7.Nb3 Qb6 8.Qxd4 Nc6
9.Qxb6 axb6 10.e4 d5 11.Be3 dxe4 12.fxe4 Nxe4 13.Bd3 Nd6 14.Bxb6 Ne5 15.Be2 Nec4
16.Bc5 Nxb2 17.Nf3 Bf5 18.Bxd6 exd6 19.Nfd4 Bd3 20.Bf3 Ba6 21.Na5 Nd3+ 22.Kd2 Nc5
23.Rhe1+ Kd8 24.Ndb3 Kc7 25.Rad1 Nd3 26.Re3 Ne5 27.Kc2 Be7 28.Bd5 g6 29.Nd4 Bg5
30.Re4 Bd3+ 31.Rxd3 Nxd3 32.Nc4 Nc5 33.Nb5+ Kb8 34.Re1 Rxa2+ 35.Kb1 Rf2 36.Ncxd6 Rf8
37.Nxf7 Bf6 38.Nfd6 Rd2 39.Bf3 Bxc3 40.Nxc3 Rxd6 41.Re7 Rd7 42.Re5 Nd3 43.Re3 Rfd8
44.Kc2 Nc5 45.Nb5 Rd2+ 46.Kc3 R2d3+ 47.Rxd3 Nxd3 48.Nd4 Ne5 49.Be2 Rf8  0-1

[Event "65th ch-BUL"]
[Site "Tsarevo BUL"]
[Date "2001.05.14"]
[Round "4"]
[White "Vasilev,M"]
[Black "Nikolov,M"]
[Result "1/2-1/2"]
[WhiteElo "2367"]
[BlackElo "2299"]

1.d4 Nf6 2.Bg5 Ne4 3.Bh4 c5 4.f3 g5 5.fxe4 gxh4 6.e3 Qb6 7.Nc3 Bg7 8.Nf3 Nc6
9.Nd5 Qd8 10.Bc4 e6 11.Nc3 a6 12.e5 d6 13.Ne4 dxe5 14.dxc5 Qxd1+ 15.Rxd1 Ke7
16.c3 f5 17.Nd6 e4 18.Nd4 Bd7 19.Nxb7 Nxd4 20.cxd4 Rhb8 21.Na5 Rxb2 22.c6 Be8
23.O-O Bh6 24.d5 Bxe3+ 25.Kh1 exd5 26.Rxd5 h3 27.g4 f4 28.Re5+ Kd6 29.Rxe4 Bxc6
30.Nxc6 Kxc6 31.Re5 Rab8 32.Rh5 Rb1 33.Rxh3 Rxf1+ 34.Bxf1 Rb1 35.Kg2 Rb2+
36.Kh1 Rb1 37.Kg2 Rb2+ 38.Kh1 Kd5 39.Rxh7 f3 40.Rd7+ Ke5 41.Rd1 Rxa2 42.Bc4 Ra3
43.Bd5 Kf4 44.g5 f2 45.Kg2 Kxg5 46.Bc4 Kf4 47.h4 Bc5 48.Rd5 Rg3+ 49.Kh2 Rc3
50.Bxa6 Rc1 51.h5 Ke4 52.Rd7 Be3 53.Rf7 Rc5  1/2-1/2

[Event "Open"]
[Site "Pula CRO"]
[Date "2001.05.20"]
[Round "3"]
[White "Lostuzzi,M"]
[Black "Sermek,D"]
[Result "0-1"]
[WhiteElo "2398"]
[BlackElo "2525"]

1.d4 Nf6 2.Bg5 Ne4 3.Bf4 c5 4.f3 Qa5+ 5.c3 Nf6 6.d5 Qb6 7.Bc1 g6 8.e4 d6
9.Nd2 Bg7 10.Nc4 Qc7 11.a4 O-O 12.Ne2 Nbd7 13.Nf4 b6 14.Be2 a6 15.O-O Rb8
16.Na3 Ne5 17.Nd3 Nxd3 18.Qxd3 Bd7 19.Qxa6 Ra8 20.Qd3 Rxa4 21.Be3 Rfa8 22.Rab1 Qb7
23.Nc2 Ne8 24.Qd2 f5 25.exf5 Bxf5 26.Bb5 Nc7 27.Bxa4 Rxa4 28.g4 Bd7 29.b3 Ra2
30.c4 e6 31.dxe6 Nxe6 32.Qd3 Be5 33.Rf2 g5 34.Ne1 Ra8 35.Qd2 h6 36.Nd3 Bg7
37.f4 Nd4 38.Qd1 Qe4 39.Bxd4 Bxd4 40.f5 Bc6 41.Kf1  0-1

[Event "XXVI Elekes Mem IM"]
[Site "Budapest HUN"]
[Date "2001.05.23"]
[Round "3"]
[White "Lorincz,I"]
[Black "Semenova,I"]
[Result "1-0"]
[WhiteElo "2350"]
[BlackElo "2312"]

1.d4 Nf6 2.Bg5 Ne4 3.Bf4 c5 4.f3 Qa5+ 5.c3 Nf6 6.d5 d6 7.e4 Nbd7 8.Nd2 g6
9.Nc4 Qc7 10.a4 Bg7 11.Qd2 O-O 12.Ne2 Ne5 13.Nxe5 dxe5 14.Bh6 c4 15.Ng3 Bd7
16.Be3 Rfd8 17.Qf2 b6 18.Be2 e6 19.dxe6 Bxe6 20.O-O h5 21.Rfd1 Rxd1+ 22.Bxd1 Nd7
23.Bc2 Bf8 24.Nf1 Nc5 25.f4 exf4 26.Bxf4 Bd6 27.Bxd6 Qxd6 28.Rd1 Nd3 29.Bxd3 cxd3
30.Qd4 Qc6 31.Rxd3 Bc4 32.Rd2 Re8 33.e5 Qxa4 34.Ng3 Qb5 35.Ne4 Be6 36.Nf6+ Kg7
37.Nxe8+ Qxe8 38.Qd8 Qxd8 39.Rxd8 Kh6 40.Kf2 Kg5 41.Ke3 Kf5 42.Kd4 h4 43.c4 a5
44.b4 Kf4 45.c5 bxc5+ 46.bxc5 a4 47.c6 h3 48.gxh3  1-0

[Event "TCh-YUG"]
[Site "Herceg Novi YUG"]
[Date "2001.05.23"]
[Round "10"]
[White "Kosic,D"]
[Black "Mozetic,D"]
[Result "1-0"]
[WhiteElo "2508"]
[BlackElo "2480"]

1.d4 Nf6 2.Bg5 Ne4 3.Bf4 c5 4.e3 Qb6 5.Nc3 Nxc3 6.bxc3 Qb2 7.Ne2 b6 8.dxc5 Nc6
9.cxb6 axb6 10.Rb1 Qa3 11.Rb3 Qc5 12.e4 Na5 13.Rb1 Bb7 14.Be3 Qc8 15.Ng3 h5
16.h4 e6 17.Qd4 f6 18.Rxb6 Nc6 19.Qc4 Bd6 20.Be2 Ra3 21.O-O Be5 22.Qb5 Ba8
23.Bxh5+ Kd8 24.f4 Bc7 25.Qb2 Ra5 26.Rb5 Qa6 27.Be2 Qc8 28.h5 Ke7 29.Ra1 Ra4
30.Qb3 Ra6 31.Bc1 Na5 32.Qb4+ Kf7 33.Rc5 Nc6 34.Bxa6 Qxa6 35.Ba3 Ke8 36.Rxc6 Qxc6
37.Qe7+  1-0

[Event "TCh-NOR Final"]
[Site "Langesund NOR"]
[Date "2001.05.26"]
[Round "4"]
[White "Kristensen,Bj"]
[Black "Fyllingen,R"]
[Result "1-0"]
[WhiteElo "2387"]
[BlackElo "2389"]

1.d4 Nf6 2.Bg5 Ne4 3.Bf4 d5 4.Nd2 Bf5 5.Nxe4 Bxe4 6.c3 e6 7.Nf3 Bd6 8.e3 Bxf4
9.exf4 Bxf3 10.Qxf3 g6 11.Bd3 Nd7 12.O-O O-O 13.Rfe1 c6 14.Re3 Qf6 15.Rae1 b5
16.g4 b4 17.f5 exf5 18.gxf5 bxc3 19.bxc3 Rab8 20.R1e2 a5 21.Qh3 Nb6 22.Qh6 Nd7
23.Re7 Rfd8 24.R2e6 fxe6 25.Qxh7+ Kf8 26.fxg6 Qg5+ 27.Kf1 Qc1+ 28.Kg2 Qg5+
29.Kf3 Qf6+ 30.Ke3 Qg5+ 31.Kf3 Qf6+ 32.Kg3 Qg5+ 33.Kh3 Qg4+ 34.Kxg4 Nf6+
35.Kg3 Nxh7 36.Rxh7 Kg8 37.g7  1-0

[Event "IX Guillermo Garcia Mem"]
[Site "Santa Clara CUB"]
[Date "2001.05.29"]
[Round "6"]
[White "Bellon Lopez,JM"]
[Black "De la Paz,F"]
[Result "1-0"]
[WhiteElo "2429"]
[BlackElo "2437"]

1.d4 Nf6 2.Bg5 Ne4 3.Bh4 d5 4.f3 Nd6 5.Nc3 Nf5 6.Bf2 c5 7.dxc5 d4 8.e4 dxc3
9.Qxd8+ Kxd8 10.O-O-O+ Ke8 11.Bb5+ Nc6 12.exf5 cxb2+ 13.Kxb2 Bxf5 14.Ne2 Rc8
15.g4 Bd7 16.Rd2 Ne5 17.Rxd7 Nxd7 18.Rd1 Rd8 19.c6 bxc6 20.Bxc6 e6 21.Bxa7 Ke7
22.a4 g5 23.a5 Bg7+ 24.Kb3 Ne5 25.Bc5+ Kf6 26.Rxd8 Rxd8 27.Bb7 Nd7 28.Be3 Bf8
29.Nc3 Ke5 30.Kc4 Nb8 31.a6 Nxa6 32.Bxa6 h6 33.Ne4 f5 34.Bb6 Rd7 35.Bc8 Rf7
36.Nc5 Bxc5 37.Kxc5 h5 38.gxh5 Rh7 39.c4 Rxh5 40.Bc7+ Kf6 41.Bd8+ Ke5 42.Bc7+ Kf6
43.Kd6 Rxh2 44.Bd8+ Kg6 45.Bxe6 Rd2+ 46.Bd5 g4 47.fxg4 f4 48.c5 f3 49.Bh4 f2
50.Bxf2 Rxf2 51.c6 Kf6 52.c7 Rc2 53.Be6 Rd2+ 54.Kc5 Rc2+ 55.Kd4 Rd2+ 56.Ke4  1-0

[Event "Open"]
[Site "Estensi ITA"]
[Date "2001.06.03"]
[Round "2"]
[White "Diotallevi,M"]
[Black "Lelchuk,Z"]
[Result "0-1"]
[WhiteElo "2088"]
[BlackElo "2411"]

1.d4 Nf6 2.Bg5 Ne4 3.Bf4 c5 4.f3 Qa5+ 5.c3 Nf6 6.Nd2 cxd4 7.Nb3 Qb6 8.Bxb8 Rxb8
9.Qxd4 Qxd4 10.Nxd4 e5 11.Nb3 d5 12.e3 Bd6 13.Bb5+ Ke7 14.Ne2 Be6 15.O-O Bc7
16.Rfe1 Bb6 17.Ng3 h5 18.Kf1 h4 19.Nh1 a6 20.Bd3 e4 21.Bc2 h3 22.Bd1 hxg2+
23.Kxg2 Rh6 24.Nf2 Rbh8 25.Nd4 Rxh2+ 26.Kg1 Bc7 27.f4 g5 28.Nxe6 fxe6 29.fxg5 Rg8
30.Kf1 Rxg5 31.Re2 Bg3 32.Kg1 Bd6+ 33.Kf1 Rgg2  0-1

[Event "Smartchess.com Int"]
[Site "New York USA"]
[Date "2001.06.06"]
[Round "3"]
[White "Sarkar,J"]
[Black "Stripunsky,A"]
[Result "1-0"]
[WhiteElo "2406"]
[BlackElo "2497"]

1.d4 Nf6 2.Bg5 Ne4 3.Bf4 d5 4.Nd2 Bf5 5.e3 Nxd2 6.Qxd2 e6 7.Ne2 Nd7 8.f3 Be7
9.g4 Bg6 10.Bg3 c5 11.Nf4 cxd4 12.exd4 Bg5 13.h4 Bxf4 14.Bxf4 h5 15.O-O-O Rc8
16.Bd3 Bxd3 17.Qxd3 hxg4 18.fxg4 Rxh4 19.Kb1 Qe7 20.Qb5 Kd8 21.Qxb7 Rxh1
22.Rxh1 Nf8 23.Qa6 Ng6 24.Bd2 Qd7 25.Rh7 Qc6 26.Qxc6 Rxc6 27.Rxg7 Ke7 28.Bg5+ Kf8
29.Bf6 a6 30.Rh7 Ke8 31.c3 Rc8 32.Kc2 Ne7 33.Kb3 Rb8+ 34.Ka3 Ng6 35.b3 Rc8
36.Kb4 Rc6 37.Ka5 e5 38.dxe5 Rc5+ 39.Kb6 Rxc3 40.e6 Re3 41.exf7+ Kf8 42.Bg7+ Ke7
43.f8=Q+ Nxf8 44.Bd4+ Nxh7 45.Bxe3 Nf6 46.g5 Ng4 47.Bd4 Nh2 48.Kxa6 Nf3 49.Bf6+ Ke6
50.b4 d4 51.Bxd4 Nxd4 52.b5 Kf5 53.b6 Kxg5 54.b7 Nc6 55.Kb6 Nb8 56.Ka7 Nc6+
57.Ka8  1-0

[Event "Open"]
[Site "Estensi ITA"]
[Date "2001.06.07"]
[Round "6"]
[White "Mukic,J"]
[Black "Lelchuk,Z"]
[Result "1-0"]
[WhiteElo "2268"]
[BlackElo "2411"]

1.d4 Nf6 2.Bg5 Ne4 3.Bf4 d5 4.f3 Nf6 5.e4 dxe4 6.Nc3 exf3 7.Nxf3 Bg4 8.Bc4 e6
9.Qe2 c6 10.O-O-O Be7 11.h3 Bxf3 12.Qxf3 Nbd7 13.g4 O-O 14.h4 Nd5 15.Nxd5 cxd5
16.Bd3 Nb6 17.g5 Na4 18.Bb5 Qa5 19.Qb3 a6 20.Bd3 b5 21.Bd2 Qc7 22.h5 Rac8
23.Rdg1 f5 24.gxf6 Bxf6 25.Rg4 Kh8 26.Kb1 Nb6 27.c3 Nc4 28.Bc1 e5 29.Bf5 exd4
30.Bxc8 Qxc8 31.Rf4 dxc3 32.bxc3 Qe6 33.h6 g5 34.Rff1 Qe5 35.Qc2 b4 36.Rf5 Qd6
37.Rhf1 bxc3 38.Ka1 Kg8 39.Bxg5 Na3 40.Qg2  1-0

[Event "Open"]
[Site "Estensi ITA"]
[Date "2001.06.09"]
[Round "8"]
[White "Nikolic,Stani"]
[Black "Caoili,A"]
[Result "1-0"]
[WhiteElo "2366"]
[BlackElo "2140"]

1.d4 Nf6 2.Bg5 Ne4 3.Bf4 d5 4.f3 Nf6 5.Nc3 c5 6.e3 e6 7.Nb5 Na6 8.g4 h6 9.h4 Be7
10.Qd2 Qb6 11.O-O-O Bd7 12.Nc3 cxd4 13.exd4 Qa5 14.Nge2 b5 15.a3 b4 16.Nb1 Qb6
17.Qe3 Rc8 18.axb4 Nxb4 19.Nec3 Nxc2 20.Kxc2 Ba4+ 21.Kc1 Bxd1 22.Kxd1 Qxb2
23.Bb5+ Kf8 24.Rh2 Qb3+ 25.Ke2 Bb4 26.Qd3 Ke7 27.Bd2 Rc7 28.Nxd5+ Qxd5 29.Bxb4+ Kd8
30.Ba5  1-0

[Event "2nd IECC"]
[Site "Ohrid MKD"]
[Date "2001.06.09"]
[Round "8"]
[White "Zlochevskij,A"]
[Black "Petkovski,V"]
[Result "1-0"]
[WhiteElo "2469"]
[BlackElo "2265"]

1.d4 Nf6 2.Bg5 Ne4 3.Bh4 d5 4.Nd2 c5 5.Nxe4 dxe4 6.dxc5 Qa5+ 7.c3 Qxc5 8.e3 Nc6
9.Qa4 g5 10.Bg3 Bg7 11.O-O-O Be6 12.h4 h6 13.hxg5 hxg5 14.Rxh8+ Bxh8 15.Ne2 Bg7
16.Nd4 Bd7 17.Nb5 Ne5 18.Qxe4 Bxb5 19.Bxe5 Bxe5 20.Bxb5+ Qxb5 21.a4 Qc6 22.Qxe5 f6
23.Qd5 Qxd5 24.Rxd5 e6 25.Rd1 Ke7 26.Rh1 Kd6 27.Rh7 b6 28.Kd2 a5 29.f3 Rd8
30.Kc2 Rc8 31.Rb7 Rc6 32.Kd3 Ke5 33.Rd7 f5 34.Rd4 Kf6 35.Rc4 Rd6+ 36.Rd4 Rc6
37.Rd8 Ke5 38.c4 Rc7 39.Rb8 Rc6 40.Kc3 f4 41.Rg8 Kf6 42.exf4 gxf4 43.b4 axb4+
44.Kxb4 Rc5 45.Rf8+ Ke5 46.Rd8 Kf6 47.Rd4 Ke5 48.Rd8 Kf6 49.Rd6 Rg5 50.Rxb6 Rxg2
51.a5 Rb2+ 52.Kc5 Ra2 53.Rb5 Ra3 54.Kb6 Rxf3 55.a6 Ra3 56.Ra5 Rb3+ 57.Kc7 Rc3  1-0

[Event "White Nights"]
[Site "St Petersburg RUS"]
[Date "2001.06.15"]
[Round "7"]
[White "Chepukaitis,G"]
[Black "Zakharevich,I"]
[Result "0-1"]
[WhiteElo "2403"]
[BlackElo "2487"]

1.d4 Nf6 2.Bg5 Ne4 3.Bh4 c5 4.f3 g5 5.fxe4 gxh4 6.e3 Bh6 7.Kf2 cxd4 8.exd4 e5
9.Nc3 Nc6 10.Qh5 exd4 11.Qxh6 dxc3 12.bxc3 Qa5 13.Qe3 d6 14.Nf3 h3 15.gxh3 Be6
16.a4 O-O-O 17.Bb5 Ne5 18.Nxe5 dxe5 19.Rhb1 Rd6 20.Be2 Qd8 21.Qc5+ Rc6 22.Qxe5 Qh4+
23.Ke3 Qxh3+ 24.Qg3 Qh6+ 25.Qf4 Qg7 26.Bd3 Qxc3 27.Kf2 Bd7 28.e5 Re8 29.Re1 f6
30.e6 Rcxe6 31.Rxe6 Rxe6 32.Qc4+ Qxc4 33.Bxc4 Re4 34.Bd3 Rxa4 35.Rxa4 Bxa4
36.Bxh7 Kd7 37.h4 Ke6 38.h5 f5 39.h6 Bxc2 40.Bg8+ Kf6 41.Ke3 Kg6 42.h7 Kg7
43.Kd4  0-1

[Event "White Nights"]
[Site "St Petersburg RUS"]
[Date "2001.06.17"]
[Round "9"]
[White "Chepukaitis,G"]
[Black "Kokarev,D"]
[Result "0-1"]
[WhiteElo "2403"]
[BlackElo "2468"]

1.d4 Nf6 2.Bg5 Ne4 3.Bh4 d5 4.f3 Nf6 5.Nc3 c5 6.e4 dxe4 7.dxc5 Qa5 8.Qd2 e3
9.Qxe3 Nd5 10.Qd2 Nxc3 11.Bf2 e5 12.Ne2 Bxc5 13.Bxc5 Qxc5 14.Qxc3 Na6 15.O-O-O Be6
16.Qxc5 Nxc5 17.Nc3 Rd8 18.Re1 f6 19.f4 Nd7 20.Bb5 O-O 21.Bxd7 Bxd7 22.fxe5 Bc6
23.exf6 Rxf6 24.Re2 Rh6 25.b4 a6 26.a3 Rdd6 27.Kb2 Rdg6 28.h4 Rxg2 29.Rxg2 Bxg2
30.Rg1 Bh3 31.Ne4 Rxh4 32.Nd6 h5 33.Rg5 b5 34.c4 bxc4 35.a4 Bd7 36.Kc3 Bxa4
37.Nf5 Rh3+ 38.Kxc4 Kf7 39.Nd6+ Ke7 40.Ne4 g6 41.Kd4 Bc6 42.Re5+ Kf8 43.Ng5 Rg3
44.Rc5 Rg4+ 45.Ke3 Bh1 46.b5 axb5 47.Rxb5 Ke7 48.Ra5 h4 49.Ra7+ Kd6 50.Ra6+ Bc6
51.Nf7+ Ke7 52.Ne5 Re4+ 53.Kf3 Rxe5+ 54.Rxc6 Rg5 55.Rc7+ Kf6 56.Kf4 Rg1 57.Rh7 g5+
58.Kf3 Rg3+ 59.Kf2 Ra3 60.Kg2 Kf5 61.Rb7 Kg4 62.Rb4+ Kh5 63.Kh2 Ra2+ 64.Kh1 h3
65.Kg1 g4 66.Rb3 Kh4  0-1

[Event "5th Open"]
[Site "Voronezh RUS"]
[Date "2001.06.20"]
[Round "8"]
[White "Granovski,A"]
[Black "Skorchenko,D"]
[Result "0-1"]
[WhiteElo "2323"]
[BlackElo "2391"]

1.d4 Nf6 2.Bg5 Ne4 3.h4 c5 4.d5 Qb6 5.Nd2 Nxd2 6.Bxd2 Qxb2 7.e4 Qe5 8.Bd3 Qc7
9.Qe2 d6 10.f4 e5 11.dxe6 Bxe6 12.f5 Bd7 13.Nf3 Nc6 14.Bc4 O-O-O 15.O-O Be7
16.Bc3 Bf6 17.Bxf6 gxf6 18.c3 Rhe8 19.Bxf7 Re7 20.Qc4 Na5 21.Qd5 Kb8 22.Be6 Bxe6
23.fxe6 Rde8 24.Nh2 Rxe6 25.Ng4 Qe7 26.Rf4 Nc6 27.Raf1 Rf8 28.Rb1 Kc7 29.Ne3 Qd7
30.Nc4 b6 31.Rd1 Ne7 32.Qd3 Ng6 33.Rg4 Ne5 34.Nxe5 Rxe5 35.Qg3 f5 36.exf5 Rexf5
37.Rg7 R5f7 38.Rg5 Rf5 39.Rg7 R8f7 40.Rg8 Rf8 41.Rg7 R5f7 42.Rg5 Re8 43.Rgd5 Rf6
44.a4 Qe7 45.Kh2 Rg6 46.Qh3 Qe3 47.Qxe3 Rxe3 48.h5 Rge6 49.Rg5 R3e5 50.Rg7+ Re7
51.Rxe7+ Rxe7 52.Rf1 d5 53.Rf6 d4 54.cxd4 cxd4 55.Kg3 d3 56.Rf1 Kc6 57.Rd1 Rd7
58.Kf3 Kc5 59.Ke3 Kc4 60.Rc1+ Kb3  0-1

[Event "43rd Tch-POR"]
[Site "Barreiro POR"]
[Date "2001.06.24"]
[Round "7"]
[White "Reinaldo Castineira,R"]
[Black "Costa,FJ"]
[Result "1-0"]
[WhiteElo "2425"]
[BlackElo "2095"]

1.d4 Nf6 2.Bg5 Ne4 3.Bh4 g5 4.f3 gxh4 5.fxe4 Bh6 6.Qd3 d6 7.Nd2 Nc6 8.Ngf3 h3
9.gxh3 e5 10.e3 Bd7 11.O-O-O Qf6 12.Kb1 O-O-O 13.h4 Rhg8 14.Be2 Bh3 15.Rhg1 Kb8
16.c3 a6 17.Rg3 Rxg3 18.hxg3 Rg8 19.Rg1 Rg6 20.h5 Rg7 21.Nf1 Bg4 22.N1h2 Bc8
23.g4 exd4 24.cxd4 Qe7 25.a3 Rg8 26.Bd1 Re8 27.g5 Bg7 28.Bc2 f6 29.g6 hxg6
30.hxg6 Rh8 31.Ng4 Qe8 32.Qc4 Be6 33.Qf1 Ne7 34.Nf2 Nxg6 35.e5 Bf7 36.Qg2 Rh6
37.exf6 Bh8 38.Qg5 Qf8 39.Ng4 Rh3 40.Ne1 Ka7 41.Bxg6 Be6 42.Bf5 Bb3 43.e4 Qe8
44.Nf2 Rh5 45.Qg3 Qb5 46.Bg6 Rh6 47.Qe3 Rh2 48.e5 b6 49.f7 dxe5 50.f8=Q exd4
51.Qxb3  1-0

[Event "Open"]
[Site "Andorra AND"]
[Date "2001.07.01"]
[Round "2"]
[White "Amura,C"]
[Black "Mikhalevski,V"]
[Result "1/2-1/2"]
[WhiteElo "2360"]
[BlackElo "2523"]

1.d4 Nf6 2.Bg5 Ne4 3.Bf4 c5 4.f3 Qa5+ 5.c3 Nf6 6.d5 Qb6 7.b3 e6 8.e4 exd5
9.exd5 Bd6 10.Bg5 O-O 11.Bc4 Be7 12.Ne2 d6 13.Ng3 Nbd7 14.Nf5 Bd8 15.O-O Ne5
16.Ne3 Ng6 17.Nc2 Nd7 18.Be3 Nde5 19.Nd2 Qc7 20.a4 f5 21.f4 Ng4 22.Be2 Bf6
23.Bxg4 fxg4 24.Ne4 Bh4 25.g3 Bf5 26.Nf2 Bf6 27.Bd2 Qa5 28.Ne3 Bxc3 29.Nc4 Qb4
30.Bxc3 Qxc3 31.Nxd6 Qf6 32.Nxf5 Qxf5 33.Nxg4 Rad8 34.Ne3 Qe4 35.Re1 Ne7
36.d6 Nc6 37.Nc4 Qd4+ 38.Qxd4 Nxd4 39.Re7 Rf7 40.Ne5 Rxe7 41.dxe7 Re8 42.Rd1 Rxe7
43.b4 b6 44.bxc5 bxc5 45.Rb1 g5 46.Rb8+ Kg7 47.Kf2 gxf4 48.gxf4 Kf6 49.Rc8 Kf5
50.Rxc5 Ne6 51.Ra5 Kxf4 52.Nd3+ Ke4  1/2-1/2

[Event "29th World Open"]
[Site "Philadelphia USA"]
[Date "2001.07.04"]
[Round "1"]
[White "Fink,S"]
[Black "Benjamin,Joe"]
[Result "0-1"]
[WhiteElo "2178"]
[BlackElo "2581"]

1.d4 Nf6 2.Bg5 Ne4 3.Bf4 c5 4.d5 Qb6 5.Nd2 Qxb2 6.Nxe4 Qb4+ 7.Qd2 Qxe4 8.Nf3 d6
9.e3 Qb4 10.c3 Qa5 11.Qb2 g6 12.Bb5+ Bd7 13.Bxd7+ Nxd7 14.O-O Qb6 15.Qc1 Bg7
16.e4 Qa5 17.Bd2 O-O 18.c4 Qa4 19.Bh6 Bxa1 20.Qxa1 f6 21.Bxf8 Rxf8 22.Qb1 Rb8
23.h4 b5 24.h5 bxc4 25.Qc1 Kg7 26.Qf4 c3 27.Nh4 Nf8 28.Qg4 Kf7 29.g3 c2 30.Qf4 g5  0-1

[Event "Open"]
[Site "Andorra AND"]
[Date "2001.07.06"]
[Round "7"]
[White "Nanu,C"]
[Black "Mikhalevski,V"]
[Result "0-1"]
[WhiteElo "2417"]
[BlackElo "2523"]

1.d4 Nf6 2.Bg5 Ne4 3.Bf4 d5 4.Nd2 c5 5.Nxe4 dxe4 6.dxc5 Qa5+ 7.Bd2 Qxc5 8.e3 Nc6
9.Ne2 Bg4 10.h3 Bh5 11.Qc1 f5 12.Bc3 O-O-O 13.a3 Bxe2 14.Bxe2 e6 15.Qb1 h5
16.Qa2 Rh6 17.Qc4 g5 18.Qxc5 Bxc5 19.Rd1 Bd6 20.Bb5 Be5 21.Rxd8+ Kxd8 22.Kd2 Bxc3+
23.Kxc3 Ne5 24.Kd4 Nf7 25.Rd1 Kc7 26.c4 Rh8 27.Kc3 Nd6 28.Ba4 b6 29.b4 Rb8
30.Rd2 h4 31.Bb3 a5 32.bxa5 bxa5 33.Ba4 Rb1 34.Rd1 Rxd1 35.Bxd1 Nb7 36.Ba4 Nc5
37.Bc2 Kd6 38.Kd4 Nd7 39.Ba4 Nc5 40.Bc2 e5+ 41.Kc3 g4 42.Bd1 Nd3  0-1

[Event "Open"]
[Site "Andorra AND"]
[Date "2001.07.06"]
[Round "7"]
[White "Andres Gonzalez,A"]
[Black "Midoux,S"]
[Result "1-0"]
[WhiteElo "2407"]
[BlackElo "2252"]

1.d4 Nf6 2.Bg5 Ne4 3.Bf4 c5 4.f3 Qa5+ 5.c3 Nf6 6.Nd2 cxd4 7.Nb3 Qb6 8.Qxd4 Qxd4
9.Nxd4 a6 10.e4 d6 11.Bg5 Nbd7 12.Nh3 e6 13.Nf2 Be7 14.Rd1 h6 15.Bc1 O-O
16.Be2 Rd8 17.O-O d5 18.exd5 Nxd5 19.f4 Nc5 20.Bf3 Nf6 21.Rfe1 Kf8 22.Re3 Rb8
23.g3 Bd7 24.Rde1 Bd6 25.c4 a5 26.Rd1 Be8 27.Kg2 Kg8 28.Re2 Na6 29.Nb3 a4
30.Na5 Nc5 31.Red2 Bc7 32.Rxd8 Bxd8 33.Nxb7 Nxb7 34.Bxb7 Rxb7 35.Rxd8 Kf8
36.Nd3 Ke7 37.Rc8 Bd7 38.Rc5 Ne4 39.Ra5 f6 40.Be3 Bc6 41.Kf1 Nd6 42.Bc5 Kd7
43.Bb4 Ne4 44.Ke2 g5 45.Ke3 Kc7 46.Ra6 f5 47.Ba5+  1-0

[Event "29th World Open"]
[Site "Philadelphia USA"]
[Date "2001.07.07"]
[Round "6"]
[White "Pixton,A"]
[Black "Benjamin,Joe"]
[Result "0-1"]
[WhiteElo "2277"]
[BlackElo "2581"]

1.d4 Nf6 2.Bg5 Ne4 3.Bf4 c5 4.f3 Qa5+ 5.c3 Nf6 6.d5 e6 7.e4 exd5 8.exd5 d6
9.Na3 Be7 10.Nc4 Qc7 11.a4 O-O 12.g4 Nbd7 13.Ne2 Re8 14.Bg2 Bf8 15.O-O Nb6
16.Nxb6 Qxb6 17.Ng3 Qxb2 18.g5 Nd7 19.Ne4 Qb6 20.a5 Qc7 21.Bg3 b6 22.f4 bxa5
23.f5 Ne5 24.Qh5 Qd8 25.Rf4 Nd3 26.Rh4 Bxf5 27.Qf3 Bxe4 28.Rxe4 Rxe4 29.Qxe4 c4
30.Qxc4 Qb6+ 31.Kh1 Nf2+ 32.Bxf2 Qxf2 33.Rf1 Qe3 34.Qc7 Be7 35.c4 Rf8 36.c5 dxc5
37.d6 Bxg5 38.Qxa7 Qd4 39.d7 Bd8 40.Rc1 Qd6 41.Qxc5 Qxd7 42.Qc4 Bf6 43.Rf1 Rd8
44.Qb3 a4 45.Qg3 Qd6 46.Qg4 a3 47.Qa4 g6 48.Qa7 Kg7 49.Rf3 Rc8 50.Rf1 Rc2
51.Qa4 Rd2  0-1

[Event "29th World Open"]
[Site "Philadelphia USA"]
[Date "2001.07.07"]
[Round "7"]
[White "Fink,S"]
[Black "Ginsburg,M"]
[Result "0-1"]
[WhiteElo "2178"]
[BlackElo "2392"]

1.d4 Nf6 2.Bg5 Ne4 3.Bf4 c5 4.d5 Qa5+ 5.c3 d6 6.Nf3 Nd7 7.Nbd2 Ndf6 8.a4 a6
9.Nc4 Qd8 10.a5 e6 11.Nb6 Rb8 12.dxe6 fxe6 13.Ra4 Bd7 14.Nxd7 Qxd7 15.Qc2 Qc6
16.e3 b5 17.axb6 Rxb6 18.Bd3 d5 19.O-O c4 20.Bxe4 Nxe4 21.Nd4 Qb7 22.Ra2 Be7
23.Qa4+ Kf7 24.f3 Nc5 25.Qc2 Nd3 26.Bg3 e5 27.Nf5 Bc5 28.b4 cxb3 29.Qxd3 bxa2  0-1

[Event "Open"]
[Site "Andorra AND"]
[Date "2001.07.08"]
[Round "9"]
[White "Andres Gonzalez,A"]
[Black "Mikhalevski,V"]
[Result "0-1"]
[WhiteElo "2407"]
[BlackElo "2523"]

1.d4 Nf6 2.Bg5 Ne4 3.Bf4 c5 4.f3 Qa5+ 5.c3 Nf6 6.Nd2 cxd4 7.Nb3 Qd8 8.Nxd4 g6
9.Qd2 Bg7 10.e4 O-O 11.Bh6 Bxh6 12.Qxh6 e5 13.Nb3 a5 14.Nh3 d5 15.Ng5 Qb6
16.Be2 Rd8 17.h4 dxe4 18.h5 Bf5 19.Nxh7 Nxh7 20.g4 Rd6 21.Rd1 Rxd1+ 22.Kxd1 Be6
23.Nd2 g5 24.Nc4 Qd8+ 25.Ke1 exf3 26.Bxf3 Bxc4 27.Be4 Nf8 28.Rh2 Ra6 29.Bg6 Rf6  0-1

[Event "Tan Lian Ann cup"]
[Site "Tianjin CHN"]
[Date "2001.07.16"]
[Round "2"]
[White "Wang Yue"]
[Black "Chan Peng Kong"]
[Result "1/2-1/2"]
[WhiteElo "2466"]
[BlackElo "2393"]

1.d4 Nf6 2.Bg5 Ne4 3.Bf4 c5 4.f3 Qa5+ 5.c3 Nf6 6.Nd2 cxd4 7.Nb3 Qb6 8.Qxd4 Nc6
9.Qxb6 axb6 10.Nd4 Nxd4 11.cxd4 d5 12.e3 e6 13.Bc7 Bb4+ 14.Kf2 O-O 15.a3 Bd7
16.Rc1 Rfc8 17.axb4 Ne8 18.Ne2 Rxc7 19.Rxc7 Nxc7 20.Nc3 Ra1 21.Rg1 Na6 22.b5 Nc7
23.Be2 Rxg1 24.Kxg1 Kf8 25.Kf2 Ke7 26.h4 f6 27.Bd3 h6 28.Kg3 e5 29.f4 Kd6  1/2-1/2

[Event "Heart of Finland Open"]
[Site "Jyvaskyla FIN"]
[Date "2001.07.19"]
[Round "3"]
[White "Paasikangas,J"]
[Black "Johansson,Ju"]
[Result "1-0"]
[WhiteElo "2315"]
[BlackElo "2083"]

1.d4 Nf6 2.Bg5 Ne4 3.h4 c5 4.c3 cxd4 5.Qxd4 Nxg5 6.hxg5 Nc6 7.Qd3 g6 8.Nf3 Bg7
9.Nbd2 d6 10.e4 Qb6 11.Nc4 Qd8 12.Ne3 Be6 13.Nd5 a6 14.Qe3 b5 15.a3 Rc8 16.Rc1 Na5
17.Nd2 Bxd5 18.exd5 Qc7 19.Be2 Nc4 20.Nxc4 bxc4 21.Rh4 Qb7 22.Qd2 Qb5 23.b4 O-O
24.Kf1 e6 25.Rd1 exd5 26.Qxd5 Qa4 27.Rxc4 Rxc4 28.Qxc4 Qxa3 29.Qxa6 Qxc3
30.Qxd6 Re8 31.b5 Qb2 32.Bc4 Bf8 33.Qf6 Qxf6 34.gxf6 Rb8  1-0

[Event "Dutch Open"]
[Site "Dieren NED"]
[Date "2001.07.21"]
[Round "5"]
[White "Dgebuadze,A"]
[Black "Stellwagen,D"]
[Result "1-0"]
[WhiteElo "2547"]
[BlackElo "2337"]

1.d4 Nf6 2.Bg5 Ne4 3.Bf4 c5 4.d5 Qb6 5.Bc1 e6 6.f3 Nf6 7.c4 exd5 8.cxd5 c4
9.e3 Bc5 10.Kf2 O-O 11.Bxc4 Re8 12.Qd3 d6 13.Nc3 Nbd7 14.Na4 Ne5 15.Nxb6 Nxd3+
16.Bxd3 Bxb6 17.Bc4 Re5 18.Ne2 Nxd5 19.Bxd5 Rxd5 20.Nc3 Re5 21.Rd1 Bd7 22.Nd5 Re6
23.a4 Rae8 24.a5 Bd8 25.a6 b5 26.Ra3 Bc6 27.Rc3 Ba8 28.b4 Re5 29.Nc7 Bxc7
30.Rxc7 d5 31.Rxa7 h5 32.Bb2 R5e6 33.Rc1 Bc6 34.Bd4 Rc8 35.Rb7 Ra8 36.Rb6 Bd7
37.Rxe6 Bxe6 38.a7 Kf8 39.Rc7 Bc8 40.Kg3 g6 41.h4  1-0

[Event "Czech Open"]
[Site "Pardubice CZE"]
[Date "2001.07.22"]
[Round "3"]
[White "Soln,P"]
[Black "Devide,Z"]
[Result "1/2-1/2"]
[WhiteElo "2421"]
[BlackElo "2256"]

1.d4 Nf6 2.Bg5 Ne4 3.Bf4 c5 4.g3 Qa5+ 5.c3 Nf6 6.d5 Qb6 7.Bc1 e6 8.e4 exd5
9.exd5 d6 10.Na3 Be7 11.Ne2 O-O 12.Nf4 Nbd7 13.Nc4 Qc7 14.a4 Ne5 15.Ne3 Re8
16.Bb5 Bd7 17.Bxd7 Nfxd7 18.O-O c4 19.Nf5 g6 20.Nd4 Nc5 21.Be3 a6 22.Qd2  1/2-1/2